000 00676nam a2200205Ia 4500
003 OSt
005 20230401113430.0
008 210423s2005 xx 000 0 und d
020 _a1-891389-42-4
040 _cAL
041 _aeng
082 _a541.3
_223
_bMARI
100 _aMARSHALL (Mark D);LEUNG (Helen O)
_981616
245 _aInstructors manual to accompany physical chemistry for the biosciences by Raymond Chang
260 _aCalifornia
_bUniversity Science Books
_c2005
300 _aviii,247
_bPB
650 _aPhysical Chemistry
_981617
906 _aaccompany ; biosciences ; Chang ; chemistry ; Instructors ; manual ; physical ; Raymond
942 _2ddc
_cBK
999 _c169010
_d169010